00245nam a2200085Ia 4500008004100000100002800041245003900069260004200108260000900150170620s9999 xx 000 0 und d aRao- Digumarti Bhaskara 0aAdult Learning in the 21st Century bNew Delhi- Discovery Publishing House c2006